Top 10 Premier League Goal Scorers From USA, Mexico and Canada - Statistics

General Stats
  • This quiz has been taken 24 times
  • The average score is 4 of 10
Answer Stats
Goals Answer % Correct
53 Javier Hernandez
90%
20 Christian Pulisic
76%
57 Clint Dempsey
76%
45 Raul Jimenez
48%
36 Brian Mcbride
43%
16 Junior Hoilett
19%
35 Tomasz Radzinski
19%
8 Joe-Max Moore
14%
13 Roy Wegerle
14%
8 Carlos Bocanegra
10%
No matching quizzes found
Score Distribution
Percent of People with Each Score
Percentile by Number Answered
Your Score History
You have not taken this quiz